UBT Library

OSIRIS (Record no. 60432)

000 -LEADER
fixed length control field 00308nam a22001457a 4500
008 - FIXED-LENGTH DATA ELEMENTS--GENERAL INFORMATION
fixed length control field 231012b ||||| |||| 00| 0 eng d
020 ## - INTERNATIONAL STANDARD BOOK NUMBER
International Standard Book Number 0934235139
041 ## - LANGUAGE CODE
Language code of text/sound track or separate title eng
080 ## - UNIVERSAL DECIMAL CLASSIFICATION NUMBER
Edition identifier VOLUME 1.2.3.5
Universal Decimal Classification number 94
082 ## - DEWEY DECIMAL CLASSIFICATION NUMBER
Classification number 94OSI
100 ## - Rafti
Rafti 30
101 ## - Shkurtesa
Shkurtesa HIST
245 ## - TITLE STATEMENT
Title OSIRIS
Statement of responsibility, etc OSIRIS
942 ## - ADDED ENTRY ELEMENTS (KOHA)
Source of classification or shelving scheme
Item type Books
Holdings
Withdrawn status Lost status Source of classification or shelving scheme Damaged status Not for loan Collection code Permanent location Current location Date acquired Total Checkouts Full call number Barcode Date last seen Price effective from Koha item type
          Koleksioni i përgjithshem UBT - Lipjan UBT - Lipjan 10/12/2023   94OSI 002-800070405 10/12/2023 10/12/2023 Books
          Koleksioni i përgjithshem UBT - Lipjan UBT - Lipjan 10/12/2023   94OSI 002-800070406 10/12/2023 10/12/2023 Books
          Koleksioni i përgjithshem UBT - Lipjan UBT - Lipjan 10/12/2023   94OSI 002-800070407 10/12/2023 10/12/2023 Books
          Koleksioni i përgjithshem UBT - Lipjan UBT - Lipjan 10/12/2023   94OSI 002-800070408 10/12/2023 10/12/2023 Books
UBT Library © 2015-2024. All rights reserved University Education for Business and Technology